Statistics for Pantera Albums Tile Select

Click here to take the quiz!

General Stats

  • This quiz has been taken 48 times
  • The average score is 30 of 36

Answer Stats

QuestionTileSelect% Correct
the following songs that are on Cowboys from Hell (1990).Rock the WorldNo
100%
the following songs that are on Cowboys from Hell (1990).Cemetery GatesYes
98%
the following songs that are on Cowboys from Hell (1990).Mouth for WarNo
98%
the following songs that are on Vulgar Display of Power (1992).Throes of RejectionNo
98%
the following songs that are on Cowboys from Hell (1990).Death TrapNo
95%
the following songs that are on Vulgar Display of Power (1992).WalkYes
95%
the following songs that are on Vulgar Display of Power (1992).DominationNo
93%
the following songs that are on Far Beyond Driven (1994).I'm BrokenYes
93%
the following songs that are on The Great Southern Trendkill (1996).I'll Cast a ShadowNo
91%
the following songs that are on Vulgar Display of Power (1992).Medicine ManNo
91%
the following songs that are on Cowboys from Hell (1990).Regular People (Conceit)No
91%
the following songs that are on Vulgar Display of Power (1992).This LoveYes
91%
the following songs that are on Far Beyond Driven (1994).War NerveNo
91%
the following songs that are on Far Beyond Driven (1994).5 Minutes AloneYes
88%
the following songs that are on Far Beyond Driven (1994).A New LevelNo
88%
the following songs that are on Vulgar Display of Power (1992).BecomingNo
88%
the following songs that are on The Great Southern Trendkill (1996).FloodsYes
88%
the following songs that are on Far Beyond Driven (1994).HollowNo
88%
the following songs that are on Far Beyond Driven (1994).Strength Beyond StrengthYes
86%
the following songs that are on Cowboys from Hell (1990).The Art of ShreddingYes
86%
the following songs that are on The Great Southern Trendkill (1996).Suicide Note Pt. IYes
84%
the following songs that are on The Great Southern Trendkill (1996).HellboundNo
81%
the following songs that are on The Great Southern Trendkill (1996).Revolution Is My NameNo
81%
the following songs that are on Far Beyond Driven (1994).By Demons Be DrivenNo
79%
the following songs that are on The Great Southern Trendkill (1996).Drag the WatersYes
79%
the following songs that are on Cowboys from Hell (1990).Psycho HolidayYes
79%
the following songs that are on The Great Southern Trendkill (1996).Shedding SkinNo
72%
the following songs that are on Vulgar Display of Power (1992).RiseYes
70%
the following songs that are on The Great Southern Trendkill (1996).13 Steps to NowhereYes
67%
the following songs that are on Vulgar Display of Power (1992).No Good (Attack the Radical)Yes
67%
the following songs that are on Far Beyond Driven (1994).SlaughteredYes
67%
the following songs that are on Cowboys from Hell (1990).Clash with RealityYes
60%
the following songs that are on Vulgar Display of Power (1992).Live in a HoleYes
60%
the following songs that are on Cowboys from Hell (1990).ShatteredYes
58%
the following songs that are on Far Beyond Driven (1994).25 YearsYes
56%
the following songs that are on The Great Southern Trendkill (1996).Living Through Me (Hells' Wrath)Yes
53%

Score Distribution

Percentile by Number Answered

Percent of People with Each Score

Your Score History

You have not taken this quiz